[Event "Maribor Pirc Memorial"]
[Site "Maribor"]
[Date "1994.??.??"]
[Round "9"]
[White "Rotstein, Arkadij"]
[Black "Kozul, Zdenko"]
[Result "0-1"]
[WhiteElo "2480"]
[BlackElo "2575"]
[Annotator "Ernst,T"]
[PlyCount "116"]
[EventDate "1994.02.??"]
[EventType "tourn"]
[EventRounds "11"]
[EventCountry "SLO"]
[EventCategory "9"]
[SourceTitle "CBM 040"]
[Source "ChessBase"]
[SourceDate "1994.06.01"]
[SourceVersion "1"]
[SourceVersionDate "1994.06.01"]
[SourceQuality "1"]

1. e4 c5 2. Nf3 d6 3. Nc3 Nf6 4. d4 cxd4 5. Nxd4 Nc6 6. Be2 e5 7. Nf3 h6 8. O-O
Be7 9. Re1 O-O 10. h3 Be6 11. Bf1 Nb8 (11... Qa5) 12. a4 Qc7 (12... Nbd7 13. a5
a6 14. Nd5 Nxd5 15. exd5 Bf5 16. c4 Bh7 17. b4 e4 $13 {Smagin-Timoschenko/
Belgrad/1988/}) 13. Nd5 $2 (13. a5 $14) 13... Nxd5 14. exd5 Bf5 15. c4 a5 16.
Ra3 Na6 $15 17. Nh2 Nb4 18. Ng4 Bg6 19. Rg3 Bh4 20. Nxh6+ $5 gxh6 21. Rg4 Bg5
22. Bxg5 hxg5 23. Rxg5 Kg7 24. h4 Rh8 25. h5 Rh6 26. Re3 (26. hxg6 fxg6 27. Qg4
Rah8 28. g3 $13) 26... Qe7 27. Qg4 Rah8 28. Rh3 e4 29. hxg6 fxg6 $44 30. Rxh6
Rxh6 31. Qf4 Nd3 32. Qe3 Nc5 33. Rg3 Qe5 34. b3 Rh5 35. Qc3 Qxc3 36. Rxc3 Kf6
37. Be2 Rf5 38. Rh3 Ke5 39. Rg3 Rf6 40. Kf1 Kd4 41. Bd1 Nd3 $17 42. f3 e3 43.
Rg4+ Kc3 44. Be2 (44. Ke2 Nb2 45. Re4 Nxd1 46. Kxd1 Kd3 $17) 44... Nf2 45. Rh4
g5 46. Rh7 Kd2 47. c5 (47. Rxb7 $2 Rh6 $19) 47... Ne4 48. Bc4 (48. c6 bxc6 49.
dxc6 Ng3+ $19) 48... dxc5 49. Kg1 Nd6 $19 50. Re7 Nxc4 51. bxc4 Rb6 52. Kh2 e2
53. Kg3 e1=Q+ 54. Rxe1 Kxe1 55. Kg4 Rb4 56. Kxg5 Rxc4 57. Kf6 Rd4 58. Ke5 Rd2
0-1

[Event "Las Palmas3"]
[Site "Las Palmas"]
[Date "1993.??.??"]
[Round "6"]
[White "Smirin, Ilia"]
[Black "Garcia Ilundain, David"]
[Result "1-0"]
[WhiteElo "2640"]
[BlackElo "2480"]
[Annotator "Ernst,T"]
[PlyCount "79"]
[EventDate "1993.12.??"]
[EventType "tourn"]
[EventRounds "9"]
[EventCountry "ESP"]
[EventCategory "13"]
[SourceTitle "CBM 040"]
[Source "ChessBase"]
[SourceDate "1994.06.01"]
[SourceVersion "1"]
[SourceVersionDate "1994.06.01"]
[SourceQuality "1"]

1. e4 c5 2. Nf3 d6 3. d4 cxd4 4. Nxd4 Nf6 5. Nc3 Nc6 6. Be2 e5 7. Nf3 h6 8. O-O
Be7 9. Re1 O-O 10. h3 Be6 11. Bf1 Qa5 12. Bd2 Qd8 13. Bc1 (13. Na4 Nh7 14. c4
$14 {Krupkova,P-Grabics,M/Duisburg Wchj/1992/}) 13... Qa5 14. a3 Rac8 (14...
Rfc8 15. Rb1 Nb8 (15... Qc7 16. Nb5 Qd8 17. b3 a6 18. Nc3 Nb8 $10 {Smirin,
I-Benjamin,J/Groningen PCA/1993/}) 16. Nh4 $6 Nc6 17. Nf3 Nb8 $14 {Remis in
Kramnik-Makarov/USSR/1990/}) 15. Rb1 Nb8 (15... a6 16. b4 Qc7 17. Nd5 $16 {
Smirin,I-Tukmakov,V/USSR-ch/1989/}) 16. Nb5 $1 Rfd8 17. Bd2 Qa6 18. b3 Nbd7 19.
c4 $16 Nc5 20. Nc3 b5 (20... Qxa3 $2 21. b4 Ncd7 22. Ra1 Qxb4 23. Nd5 Nxd5 24.
cxd5 $18) 21. b4 Ncd7 22. cxb5 Qxa3 23. Re3 $18 Bf8 24. Ne1 Nb6 25. Nc2 Bb3 26.
Nxa3 Bxd1 27. Rxd1 d5 28. Nxd5 Nfxd5 29. exd5 Nxd5 30. Rd3 Nxb4 31. Bxb4 Rxd3
32. Bxd3 Bxb4 33. Nc4 e4 34. Be2 f5 35. Rd7 Bc5 36. Bh5 Kh7 37. Ne5 Bb6 38.
Bg6+ Kg8 39. Nc6 a6 40. Ne7+ 1-0

[Event "World Women-ch"]
[Site "Monte Carlo"]
[Date "1993.??.??"]
[Round "4"]
[White "Xie, Jun"]
[Black "Ioseliani, Nana"]
[Result "1-0"]
[WhiteElo "2470"]
[BlackElo "2470"]
[Annotator "Ernst,T"]
[PlyCount "115"]
[EventDate "1993.10.??"]
[EventType "match"]
[EventRounds "16"]
[EventCountry "MNC"]
[SourceTitle "CBM 038"]
[Source "ChessBase"]
[SourceDate "1994.02.01"]
[SourceVersion "1"]
[SourceVersionDate "1994.02.01"]
[SourceQuality "1"]

1. e4 c5 2. Nf3 d6 3. d4 cxd4 4. Nxd4 Nf6 5. Nc3 Nc6 6. Be2 e5 7. Nf3 h6 8. O-O
Be7 9. Re1 O-O 10. h3 Be6 11. Bf1 Qa5 $1 (11... Rc8 12. Nd5 $16 {Geller-Salov/
Moscow41-200/1986/}) 12. Nb5 (12. Be3 Rfc8 13. Qd2 a6 14. Rad1 b5 $10 {Micic,
J-Galliamova,A/Novi Sad olw/1990/}) (12. Bd2 $1 Qd8 13. Na4 $5 Nh7 14. c4 $14 {
Krupkova,P-Grabics,M/DuisburgJW/1992/}) 12... a6 13. Nxd6 Qc5 $1 $146 (13...
Qb4 14. Nf5 Bxf5 15. exf5 Rad8 16. Nd2 Qf4 17. Bd3 Qa4 18. b3 Qd4 19. Rb1 Bb4
$44 {Roman,F-Garcia,D/WchJ-Mamaia/1991/}) (13... Bxd6 14. Qxd6 Rfd8 15. Qa3
Qxa3 16. bxa3 Nd7 17. Be3 Na5 $14 {Kuporosov,V-Lagunov,A/Berlin56(206)/1992/,
Kramnik-Makarov.M/SSSR51-191/1991/}) 14. Nf5 (14. Nxb7 $4 Qb4 $19) 14... Bxf5
15. exf5 Rad8 (15... e4 16. Be3 Qxf5 17. Nd4 Nxd4 18. Qxd4 Rad8 $10) 16. Nd2 e4
17. c3 Bd6 (17... Qxf5 18. Qc2 Bc5 19. Nb3 $10 (19. Nxe4 $6 Nxe4 20. Rxe4 Bxf2+
$1 $15)) 18. Qe2 Rfe8 19. Nc4 Bc7 20. Be3 (20. Ne3 Ne5 $44) 20... Qxf5 21. a4
Nd5 22. Rad1 Qe6 (22... Nxe3 23. Nxe3 Qe5 24. g3 Rxd1 25. Rxd1 Rd8 26. Rxd8+
Bxd8 27. Qc4 $14) 23. Bc1 f5 24. Ne3 Qe5 25. g3 Nf6 26. Ng2 $1 Qe7 27. Nh4 Qe6
28. Ng6 Kh7 29. Nf4 Qe7 30. Rxd8 Bxd8 (30... Rxd8 $14) 31. Rd1 Ne5 32. Be3 $1
Qf7 33. Bd4 Nf3+ 34. Kg2 g5 (34... Nxd4 35. Rxd4 Bb6 36. Qc4 $1 Qxc4 37. Rxc4
$14) 35. Bxf6 Bxf6 (35... Qxf6 36. Rd7+ Kh8 37. Nh5 $36) 36. Nd5 Bg7 37. Qc4 f4
$1 $132 38. Nc7 Re7 39. Qxf7 Rxf7 40. Ne6 Be5 $2 (40... fxg3 41. fxg3 e3 $1 42.
Be2 Ne5 43. Rf1 Rd7 $10) 41. Bc4 $1 $16 fxg3 42. fxg3 g4 (42... e3 43. Rf1 $18)
43. hxg4 Re7 44. Rd7 $1 $18 Rxd7 45. Nf8+ Kg7 46. Nxd7 Bd6 47. a5 $1 Bc7 48.
Bd5 Bxa5 49. Bxe4 Nd2 50. Bxb7 Kf7 51. Bxa6 Ke6 52. Nc5+ Kd5 53. Nd3 Bb6 54.
Nf4+ Ke4 55. Bb7+ Ke5 56. b4 Be3 57. Ba6 Ne4 58. Nd3+ (58. Nd3+ Kf6 59. Kf3 $18
) 1-0

[Event "Aruba"]
[Site "Aruba"]
[Date "1992.??.??"]
[Round "5"]
[White "Kindermann, Stefan"]
[Black "Gulko, Boris F"]
[Result "1-0"]
[WhiteElo "2505"]
[BlackElo "2560"]
[Annotator "Ernst,T"]
[PlyCount "91"]
[EventDate "1992.03.??"]
[EventType "tourn"]
[EventRounds "9"]
[EventCountry "NAU"]
[EventCategory "11"]
[SourceTitle "CBM 030"]
[Source "ChessBase"]
[SourceDate "1992.10.01"]
[SourceVersion "1"]
[SourceVersionDate "1992.10.01"]
[SourceQuality "1"]

1. e4 c5 2. Nf3 Nc6 3. d4 cxd4 4. Nxd4 Nf6 5. Nc3 d6 6. Be2 e5 7. Nf3 h6 8. O-O
Be7 9. Re1 O-O 10. h3 Be6 (10... Re8 11. Bf1 Bf8 12. b3 a6 13. Bb2 b6 14. Qd2
Bb7 15. Rad1 Rc8 16. Nd5 $14 Nxd5 17. exd5 Nb8 18. c4 Nd7 19. Nh2 $1 $16 {
Geller - Benjamin, Moskau 1987.}) (10... a6 11. Bf1 b5 12. a4 b4 13. Nd5 Nxd5
14. exd5 Nb8 15. a5 Bf5 16. Bd2 Qc7 17. Bxb4 Bxc2 18. Qd2 Bf5 19. Nxe5 $1 $16 {
Halifman - Je.Piket, Groningen 1985/86.}) (10... a6 11. Bf1 Qc7 12. Be3 b5 13.
a4 b4 14. Nd5 Nxd5 15. exd5 Na5 16. Bd2 Rb8 17. Re4 $14 {Geller - Cvitan,
Vrsac 1987.}) 11. Bf1 Nb8 (11... Rc8 12. Nd5 $14 Bxd5 13. exd5 Nb8 14. c4 Nbd7
15. b4 b6 16. Be3 Re8 17. Rc1 Qc7 18. Nd2 Bf8 19. Nb3 a5 $6 20. a3 $16 {
Geller - Salov, Moskau 1986.}) (11... Qa5 12. Nb5 $1 a6 13. Nxd6 Bxd6 14. Qxd6
Rfd8 15. Qa3 $16 {Kramnik - Makarov, SSSR 1991.}) 12. a4 Nbd7 13. a5 Rc8 (13...
a6 14. Nd5 Nxd5 15. exd5 Bf5 16. c4 Bh7 17. b4 e4 $1 $132 18. Nd2 Bf6 19. Ra3
Re8 $10 {Smagin - Timoschenko, Belgrad 1988.}) 14. a6 Rxc3 15. bxc3 b6 16. Ba3
Qc7 17. Bb4 Nc5 18. Nd2 Qc6 19. Bd3 $16 Rc8 20. Qe2 Bf8 21. c4 Qd7 22. Qf3 Na4
23. Reb1 Be7 24. Qe2 Ne8 25. Ra3 Bg5 26. Nf1 Nc5 27. Ne3 Bxe3 28. Qxe3 Qc6 29.
f3 Nf6 30. Bxc5 dxc5 31. Bf1 Qc7 32. Rd1 Nd7 33. Rad3 Nb8 34. Rd6 Nxa6 35. f4
exf4 36. Qxf4 Nb4 37. c3 Nc6 38. e5 Ne7 39. Bd3 Re8 40. Bc2 Ng6 41. Bxg6 fxg6
42. Qe4 Kh7 43. h4 h5 44. g4 $1 Kh6 (44... hxg4 45. h5 $18) 45. gxh5 gxh5 46.
Qf5 1-0

[Event "Interpolis-01"]
[Site "Tilburg"]
[Date "1977.09.25"]
[Round "3"]
[White "Smyslov, Vassily V"]
[Black "Hort, Vlastimil"]
[Result "1/2-1/2"]
[WhiteElo "2595"]
[BlackElo "2620"]
[Annotator "Ftacnik,L"]
[PlyCount "94"]
[EventDate "1977.09.23"]
[EventType "tourn"]
[EventRounds "11"]
[EventCountry "NED"]
[EventCategory "14"]
[SourceTitle "MCL"]
[Source "ChessBase"]
[SourceDate "1999.07.01"]
[SourceVersion "1"]
[SourceVersionDate "1999.07.01"]
[SourceQuality "1"]

1. e4 c5 2. Nf3 Nc6 3. d4 cxd4 4. Nxd4 Nf6 5. Nc3 d6 6. Be2 e5 7. Nf3 Be7 $2 8.
Bg5 $1 Be6 9. O-O O-O 10. Bxf6 $1 (10. Qd2) 10... Bxf6 11. Nd5 Bxd5 12. Qxd5
Qb6 13. Qb3 $1 {/\ 14.c3+/-} Nd4 (13... Qxb3 14. axb3 Nd4 (14... Bd8 15. Rfd1
Bc7 16. c3 $16) 15. Nxd4 exd4 16. Ra5 {/\ 17.Rd5!+/-}) 14. Nxd4 exd4 15. Qxb6
axb6 16. Bc4 $1 (16. Bd3 $143) 16... Rfc8 17. Bb3 b5 (17... d3 $2 18. c3) 18.
f4 Rc7 19. Rae1 Re8 20. Re2 {/\ Rf1-f3, Kg1-f1-e1-d1, Bb3-d5, Rf3-b3-a3-a7} d3
$5 21. cxd3 Bd4+ 22. Kh1 Rec8 23. h4 $1 Rc1 24. Rxc1 Rxc1+ 25. Kh2 h5 (25...
Rc5 $5) (25... Rb1 $2 26. Rc2 {/\ 27.Rc7}) 26. e5 dxe5 27. fxe5 {/\ Re4,d4} Rc5
$8 (27... g6 28. Re4 Bxb2 29. d4 Kg7 30. d5 $16) 28. e6 fxe6 29. Rxe6 Kf8 30.
Rb6 Bxb2 (30... Rc7 31. Rxb5 Bxb2 32. Rxh5 $16) 31. Rxb7 Bf6 32. g3 Bc3 33. Kg2
b4 34. Rd7 Re5 $1 35. d4 Re7 36. Rd8+ (36. Rxe7 Kxe7 37. d5 Be5 $10) 36... Re8
37. Rd5 Re3 38. Rf5+ Ke8 (38... Ke7 39. Rf7+ Kd6 40. Rxg7 Bxd4 41. Rg6+ $16 {
><h5 Hort}) 39. d5 Re5 40. Rf3 Re2+ 41. Kf1 Re5 42. a4 $5 Ke7 43. Bc4 $2 (43.
Kg2 $142 Re1 44. Rf1 Re3 45. a5 $16) 43... Re4 $1 44. Rf4 (44. Bb3 Re1+ 45. Kg2
(45. Kf2 Rb1 $1) 45... Be5 $1 {/\ 46...Kd6=}) (44. Bb5 Kd6 45. Bc6 Re1+ 46. Kg2
Be5 $10) (44. Be2 $5 Kd6 45. a5 Re7 $1 46. a6 (46. Bc4 Kc5) 46... Kxd5 47. Rf5+
Be5 $14 {Hort}) 44... Rxf4+ 45. gxf4 Bf6 $1 46. a5 Kd6 47. a6 Kc7 1/2-1/2

[Event "Rostock-10 GM Group"]
[Site "Rostock"]
[Date "1984.08.11"]
[Round "1"]
[White "Lanc, Alois"]
[Black "Tischbierek, Raj"]
[Result "1/2-1/2"]
[WhiteElo "2390"]
[BlackElo "2450"]
[Annotator "Ftacnik,L"]
[PlyCount "60"]
[EventDate "1984.08.11"]
[EventType "tourn"]
[EventRounds "9"]
[EventCountry "DDR"]
[EventCategory "8"]
[SourceTitle "MCL"]
[Source "ChessBase"]
[SourceDate "1999.07.01"]
[SourceVersion "1"]
[SourceVersionDate "1999.07.01"]
[SourceQuality "1"]

1. e4 c5 2. Nf3 d6 3. d4 cxd4 4. Nxd4 Nf6 5. Nc3 Nc6 6. Be2 e5 7. Nxc6 bxc6 8.
Qd3 Be7 9. Qg3 O-O 10. O-O Nd7 11. f4 exf4 12. Bxf4 Ne5 13. Bxe5 dxe5 14. Kh1 (
14. Qxe5 Bd6 15. Qh5 Qb6+ 16. Kh1 Qxb2 $10) 14... Be6 (14... Qc7) 15. Qxe5 Bd6
16. Qh5 g6 17. Qh6 Be5 18. Nd1 Rb8 19. c3 Qe7 20. b3 Rfd8 21. Rc1 a5 22. Ne3 a4
23. Nc4 Bg7 24. Qe3 axb3 25. axb3 Qh4 26. g3 Qh6 27. Qxh6 Bxh6 28. Rb1 Bd2 29.
Nxd2 Rxd2 30. Bc4 Bxc4 1/2-1/2

[Event "Rostock-08 IM Group"]
[Site "Rostock"]
[Date "1982.08.21"]
[Round "8"]
[White "Neukirch, Detlef"]
[Black "Tischbierek, Raj"]
[Result "0-1"]
[WhiteElo "2365"]
[BlackElo "2370"]
[Annotator "Ftacnik,L"]
[PlyCount "88"]
[EventDate "1982.08.14"]
[EventType "tourn"]
[EventRounds "9"]
[EventCountry "DDR"]
[EventCategory "4"]
[SourceTitle "MCL"]
[Source "ChessBase"]
[SourceDate "1999.07.01"]
[SourceVersion "1"]
[SourceVersionDate "1999.07.01"]
[SourceQuality "1"]

1. e4 c5 2. Nf3 Nc6 3. d4 cxd4 4. Nxd4 Nf6 5. Nc3 d6 6. Be2 e5 7. Nf3 h6 8. O-O
Be7 9. b3 O-O 10. Bb2 a6 11. Re1 b5 12. Bd3 Bg4 (12... Bb7 13. a4 b4 14. Ne2
Re8 15. Ng3 Bf8 16. Qe2 Qc7 17. Rad1 Nd8 $10) 13. h3 Bh5 14. g4 Bg6 15. Nh4 Nh7
16. Nf5 Bxf5 17. gxf5 Bg5 18. Nd5 Ne7 19. Be2 $2 (19. Ne3) 19... Nxd5 20. Qxd5
Bf4 21. Bf3 Qg5+ 22. Bg2 Nf6 23. Qd3 Rfd8 24. Kh1 Qh4 25. Kg1 Rac8 26. a4 b4
27. Qxa6 $2 Rxc2 28. Re2 Rcc8 29. Rd1 Qg5 30. Rxd6 $2 Nh5 31. Kh1 Rxd6 32.
Qxc8+ Kh7 33. Qc2 Qd8 34. Bf3 Rd1+ 35. Kg2 Qg5+ 36. Bg4 Rd8 (36... Nf6 $1 37.
Qxd1 Nxg4 $1 $19) 37. Kh1 Qh4 38. Kg2 Nf6 39. Bf3 g6 40. fxg6+ Kxg6 41. Qb1 Kh7
42. Qf1 Rd3 43. Rc2 Qg5+ 44. Bg4 Rxh3 $1 0-1

[Event "Interpolis-01"]
[Site "Tilburg"]
[Date "1977.10.02"]
[Round "8"]
[White "Smyslov, Vassily V"]
[Black "Gligoric, Svetozar"]
[Result "1/2-1/2"]
[WhiteElo "2595"]
[BlackElo "2565"]
[Annotator "Ftacnik,L"]
[PlyCount "44"]
[EventDate "1977.09.23"]
[EventType "tourn"]
[EventRounds "11"]
[EventCountry "NED"]
[EventCategory "14"]
[SourceTitle "MCL"]
[Source "ChessBase"]
[SourceDate "1999.07.01"]
[SourceVersion "1"]
[SourceVersionDate "1999.07.01"]
[SourceQuality "1"]

1. e4 c5 2. Nf3 d6 3. d4 cxd4 4. Nxd4 Nf6 5. Nc3 Nc6 6. Be2 e5 7. Nf3 h6 8. O-O
Be7 9. b3 $1 O-O 10. Bb2 a6 11. Re1 (11. Nd2 {Smyslov-Timman/Tilburg/1977})
11... b5 12. Bd3 (12. a4 b4 13. Nd5 Nxe4 14. Bc4 Nf6 $15) 12... Bb7 13. a4 b4 (
13... bxa4 14. Rxa4 $14 {xa6}) 14. Ne2 Re8 $1 15. Ng3 Bf8 16. Qe2 Qc7 $10 (
16... a5 17. Bb5 Qc7 18. Rad1 $36) 17. Rad1 Nd8 $1 18. Qd2 Qb6 19. c4 $5 bxc3
20. Qxc3 Rc8 21. Bc4 (21. Qd2 Qxb3 $17) 21... Ne6 22. a5 Qc7 1/2-1/2

[Event "Interpolis-01"]
[Site "Tilburg"]
[Date "1977.10.01"]
[Round "7"]
[White "Smyslov, Vassily V"]
[Black "Timman, Jan H"]
[Result "1/2-1/2"]
[WhiteElo "2595"]
[BlackElo "2590"]
[Annotator "Ftacnik,L"]
[PlyCount "118"]
[EventDate "1977.09.23"]
[EventType "tourn"]
[EventRounds "11"]
[EventCountry "NED"]
[EventCategory "14"]
[SourceTitle "MCL"]
[Source "ChessBase"]
[SourceDate "1999.07.01"]
[SourceVersion "1"]
[SourceVersionDate "1999.07.01"]
[SourceQuality "1"]

1. e4 c5 2. Nf3 Nc6 3. d4 cxd4 4. Nxd4 Nf6 5. Nc3 d6 6. Be2 e5 7. Nf3 h6 $1 (
7... Be7 8. Bg5 $36) 8. O-O Be7 9. b3 O-O 10. Bb2 a6 11. Nd2 (11. Re1 $143 {
Smyslov-Hort/Tilburg/1977}) 11... Nd4 (11... d5 $6 12. exd5 Nxd5 13. Nxd5 Qxd5
14. Nc4 $16) 12. Bd3 b5 (12... d5 $6 13. Nxd5 Nxd5 14. exd5 Qxd5 15. Re1 $16)
13. Re1 Bb7 14. Ne2 Ne6 15. Ng3 g6 16. c4 Qb6 (16... bxc4 17. Nxc4 $36) 17.
Ngf1 {P e3-d5} (17. Ndf1 $6 Nf4) 17... Nc5 18. Bc2 a5 19. Qe2 bxc4 (19... b4
$142 20. Rad1 a4 21. Bb1 axb3 22. axb3 $14 {@}) 20. Nxc4 Qa7 21. Nfd2 Nh5 22.
g3 (22. Ne3 Nf4 23. Qf3 Rac8 $132) 22... Ng7 23. Rad1 Nge6 (23... f5 $5 24.
exf5 Nxf5 (24... gxf5 25. Nf1 Rad8 26. Nfe3 {P d5}) 25. Ne4 $6 (25. Nf1 $16)
25... d5 $1 26. Nxc5 Bxc5 27. Nxe5 (27. Qxe5 Bxf2+ 28. Kf1 Nxg3+ $19) 27...
Nxg3 $1 28. hxg3 Rxf2 $19) 24. Nf3 Rad8 $2 (24... Rfd8 $142) 25. Qd2 $1 Kh7 (
25... Nxe4 26. Bxe4 Bxe4 27. Rxe4 d5 28. Rxe5 $1 dxc4 29. Qxh6 $1 Rxd1+ 30. Kg2
{P 31. h8 h8 32. h5 g8 33. h8#} Bf6 (30... f6 31. Rxe6 Kf7 32. Ng5+ $18) (30...
c3 31. Bxc3 Bf6 32. Rh5 $18) 31. Rh5 $18 {Smyslov}) 26. Qxa5 Qb8 27. b4 $16 {
-/+} Nd7 28. Ne3 Rc8 29. Bb1 Nf6 30. Nd5 Nxd5 31. exd5 Bd8 (31... Nc7 32. Nxe5
dxe5 33. d6 $18) 32. Qa3 Nc7 33. b5 $1 Nxb5 34. Qb4 Rc5 35. Nxe5 Qc8 36. Nxg6
$6 (36. Nxf7 $1 Rxf7 37. Bxg6+ Kxg6 38. Re6+ Qxe6 39. dxe6 Rfc7 $16) 36... fxg6
37. Bxg6+ (37. Re6 Rxd5 $13) 37... Kg8 $1 38. Qe4 {P h7} Qd7 39. Re3 (39. Rd3)
(39. Bh7+ $2 Qxh7 40. Qg4+ Bg5) 39... Nc7 $138 (39... Bf6 $142 40. Rf3 (40. Bf5
Qg7 41. Be6+ Kh8) 40... Nc3) 40. Rf3 {41. h7} Rxf3 41. Qxf3 Rxd5 (41... Bxd5 {
P h3} 42. Qh5 Bg5 43. h4 Qh3 44. Rxd5 Nxd5 45. Bf7+ Kf8 46. Qg6 {Smyslov}) 42.
Rc1 $1 $36 Rb5 (42... Rg5 43. Qc3) 43. Qc3 Re5 (43... Rxb2 44. Qxb2 Qh3 $4 45.
Qxb7) 44. Qb4 (44. Qb3+ $2 Bd5) 44... Nd5 45. Qb3 Re2 46. Bh5 $1 {P f3} Rd2 47.
Bc3 Rxf2 (47... Rd3 48. Be2) 48. Kxf2 Bb6+ 49. Ke1 (49. Kg2 Qe6 $40 {-+}) 49...
Qf5 50. Be2 Kf8 51. Bd2 $1 {P 52. f3} Qf2+ 52. Kd1 Ne3+ 53. Bxe3 Bxe3 54. Qd3 (
54. Qxb7 Qg1+ $19) (54. Rb1 Qg1+ 55. Kc2 Be4+ 56. Bd3 Qf2+ 57. Kc3 Qd2+ 58. Kc4
d5+ $19) 54... Qg1+ 55. Bf1 Bxc1 (55... Bf3+ 56. Kc2 Qf2+ 57. Kb1 Bxc1 58.
Qxd6+ $10 {/[]}) 56. Kxc1 Bg2 57. Qxd6+ Kg7 58. Qe7+ Kg8 59. Qd8+ Kf7 1/2-1/2

[Event "Skei"]
[Site "Skei"]
[Date "1993.??.??"]
[Round "7"]
[White "Sahl, Bjarke"]
[Black "Gausel, Einar"]
[Result "1-0"]
[WhiteElo "2445"]
[BlackElo "2485"]
[Annotator "Ftacnik,L"]
[PlyCount "83"]
[EventDate "1993.??.??"]
[EventType "tourn"]
[EventRounds "9"]
[EventCountry "NOR"]
[EventCategory "10"]
[SourceTitle "CBM 036"]
[Source "ChessBase"]
[SourceDate "1993.10.01"]
[SourceVersion "1"]
[SourceVersionDate "1993.10.01"]
[SourceQuality "1"]

1. e4 c5 2. Nf3 d6 3. Nc3 Nc6 4. d4 cxd4 5. Nxd4 Nf6 6. Be2 e5 7. Nxc6 $5 bxc6
8. O-O Be7 9. Kh1 O-O (9... d5 10. exd5 cxd5 11. f4 $1 $16) 10. f4 Rb8 11. b3
Qc7 $6 (11... Rb4 12. Bf3) (11... Qa5 12. Bd2) 12. Be3 exf4 13. Bxf4 Nd7 14.
Na4 $1 Nb6 15. Nc5 Nd7 16. Nxd7 Bxd7 17. Qd2 Rbd8 18. Rad1 Be6 19. c4 c5 $5 (
19... Qb7 20. Be3 Rd7 21. Bd4 d5 22. exd5 cxd5 23. c5 $16) 20. Bg3 (20. Rf3 Rd7
21. Rd3 Rfd8 $14) 20... Rd7 21. Rf3 Qb7 22. Qe3 $2 (22. Qf4 $1 Rfd8 23. Rfd3 {
/\ Bg3-e1-c3}) 22... Re8 $1 23. h3 Qc7 24. Be1 Bf8 (24... Bf6 25. Rxf6 $1 gxf6
26. Qh6 $40) 25. Qf2 Rde7 26. Bc3 Bc8 27. Rg3 $2 (27. Rfd3 $1 Bb7 (27... Rxe4
$2 28. Bf3 R4e6 29. Bd5 Rg6 (29... Re2 30. Qf4 Be6 31. Rg3 Bxd5 32. Rxd5 $40)
30. Ba5 $1 Qd7 31. Rf3 $18) 28. Rxd6 Bxe4 $13) 27... Re6 $2 (27... Rxe4 $1 28.
Bd3 (28. Bxg7 $2 Bxg7 29. Qf6 Bg4) (28. Qf6 $2 Bg4 $1 29. Bxg4 gxf6 30. Bf3+
Bg7 31. Bxf6 Re1+ 32. Rxe1 Rxe1+ 33. Kh2 d5 $1) 28... R4e6 29. Rf1 $44) 28. Bg4
Rg6 (28... Rxe4 29. Bxc8 Qxc8 30. Rxd6 (30. Bxg7 $2 Bxg7 31. Qf6 Rg4 $1) 30...
Re1+ $1 31. Bxe1 Bxd6 32. Re3) 29. Bf5 Rxg3 30. Qxg3 h6 (30... g6 31. Qf4 $1)
31. Rf1 Bxf5 32. exf5 Kh7 33. Qd3 Qc6 34. Rf4 Qd7 35. Rg4 (35. f6+ $2 g6) (35.
Bxg7 $1 Bxg7 36. f6+ $16) 35... f6 36. Kg1 $1 Rd8 $2 37. Qd5 Re8 38. Bxf6 $1
Re1+ 39. Kf2 (39. Kh2 $2 Rf1 $1) 39... Rc1 40. Bxg7 $1 h5 (40... Bxg7 41. f6
Qxg4 42. hxg4 Bxf6 43. Qf7+ Bg7 44. Qxa7 $18) 41. Rg3 Qe7 42. Be5 $1 1-0